| 000 | 00518nam a22001817a 4500 | ||
|---|---|---|---|
| 003 | CEME | ||
| 005 | 20210628202739.0 | ||
| 008 | 210204b xxu||||| |||| 00| 0 eng d | ||
| 020 | _a0-471-54468-X | ||
| 040 | _c. | ||
| 082 | _a621.3848 ADA | ||
| 100 |
_aHaykin, Simon Steinhardt, Allan _961405 |
||
| 245 | _aAdaptive radar detection and estimation | ||
| 260 |
_aNEW YORK _bJOHN WILEY & SONS _c1992 |
||
| 300 | _aXIV,473P | ||
| 650 |
_aRADAR, ADAPTIVE SIGNAL PROCESSING ADAPTIVE ANTENNAS _961406 |
||
| 942 |
_cBK _2ddc |
||
| 999 |
_c570869 _d570869 |
||